| 000 | 00554pab a2200193 454500 | ||
|---|---|---|---|
| 008 | 180718b2004 xxu||||| |||| 00| 0 eng d | ||
| 100 | _aRallings, Colin | ||
| 245 | _aElections and public opinion: leaders under pressure | ||
| 260 | _c2004 | ||
| 300 | _ap.380-95. | ||
| 362 | _aApr | ||
| 650 | _aElections - Great Britain | ||
| 650 | _aPublic opinion - Great Britain | ||
| 650 | _aGreat Britain - Politics and government | ||
| 650 | _aPolitics and government | ||
| 700 | _aThrasher, Michael | ||
| 773 | _aParliamentary Affairs | ||
| 909 | _a60899 | ||
| 999 |
_c60899 _d60899 |
||